Co samodzielnie możemy zrobić, aby poprawić swój wygląd? - Statystyki

Ogólne statystyki
  • Ten quiz został rozwiązany 20 razy
  • Średni wynik to 2 z 5
Statystyki odpowiedzi
Odpowiedź % Poprawnych
Ćwiczyć | Schudnąć
67%
Pomalować się
53%
Uczesać się
47%
Ogolić się
27%
Ubrać się elegancjo | Ubrać się modnie
7%
Nie znaleziono quizów pasujących do podanych kryteriów
Rozkład punktacji
Procent ludzi z każdym wynikiem
Percentyl według liczby udzielonych odpowiedzi
Twoja historia wyników
Nie rozwiązałeś tego quizu